|
|
|
|
| LEADER |
00000cam a2200000 c 4500 |
| 001 |
223071218 |
| 003 |
DE-627 |
| 005 |
20260206204405.0 |
| 007 |
tu |
| 008 |
970129s1996 gw ||||| 00| ||ger c |
| 015 |
|
|
|a 98,A38,1173
|2 dnb
|
| 016 |
7 |
|
|a 953937860
|2 DE-101
|
| 020 |
|
|
|a 392830044X
|9 3-928300-44-X
|
| 020 |
|
|
|a 3924737320
|9 3-924737-32-0
|
| 020 |
|
|
|a 3922611540
|9 3-922611-54-0
|
| 020 |
|
|
|a 3894080574
|9 3-89408-057-4
|
| 020 |
|
|
|a 392830044x
|9 3-928300-44-x
|
| 020 |
|
|
|z 3894080574
|
| 020 |
|
|
|z 3924737310
|
| 035 |
|
|
|a (DE-627)223071218
|
| 035 |
|
|
|a (DE-603)050137573
|
| 035 |
|
|
|a (DE-576)05176119X
|
| 035 |
|
|
|a (DE-599)GBV223071218
|
| 035 |
|
|
|a (OCoLC)260070928
|
| 035 |
|
|
|a (OCoLC)38055795
|
| 035 |
|
|
|a (DE-H357)his16446
|
| 040 |
|
|
|a DE-627
|b ger
|c DE-627
|e rakwb
|
| 041 |
|
|
|a ger
|
| 044 |
|
|
|c XA-DE
|
| 050 |
|
0 |
|a PN5220.R33
|
| 082 |
0 |
|
|a 073/.155
|
| 082 |
0 |
|
|a 073.155
|q LoC
|2 DDC21oclc
|
| 084 |
|
|
|a 06
|2 sdnb
|
| 084 |
|
|
|a 63
|a 06
|2 sdnb
|
| 084 |
|
|
|a AP 26620
|2 rvk
|0 (DE-625)rvk/7193:
|
| 084 |
|
|
|a MS 4760
|2 rvk
|0 (DE-625)rvk/123715:
|
| 084 |
|
|
|a AP 29700
|2 rvk
|0 (DE-625)rvk/7267:
|
| 084 |
|
|
|a 05.33
|2 bkl
|
| 084 |
|
|
|a 89.62
|2 bkl
|
| 245 |
0 |
0 |
|a 20 Jahre radikal
|b Geschichte und Perspektiven autonomer Medien
|
| 246 |
3 |
0 |
|a Zwanzig
|
| 246 |
3 |
0 |
|a zwanzig
|
| 246 |
3 |
3 |
|a Zwanzig Jahre radikal
|
| 264 |
|
1 |
|a Hamburg [u.a.]
|b Verl. Libertäre Assoziation [u.a.]
|c 1996
|
| 300 |
|
|
|a 240 S.
|b Ill.
|
| 336 |
|
|
|a Text
|b txt
|2 rdacontent
|
| 337 |
|
|
|a ohne Hilfsmittel zu benutzen
|b n
|2 rdamedia
|
| 338 |
|
|
|a Band
|b nc
|2 rdacarrier
|
| 583 |
1 |
|
|a Archivierung prüfen
|c 20221111
|f DE-640
|z 3
|2 pdager
|
| 583 |
1 |
|
|a Archivierung/Langzeitarchivierung gewährleistet
|f SLG
|x XA-DE-BW
|z BfZ
|2 pdager
|5 DE-24
|
| 630 |
0 |
7 |
|0 (DE-588)4512053-5
|0 (DE-627)248013114
|0 (DE-576)21319998X
|a Radikal
|g Zeitschrift, Zürich
|2 gnd
|
| 648 |
|
7 |
|a Geschichte 1976-1996
|2 gnd
|
| 650 |
0 |
7 |
|0 (DE-588)4169187-8
|0 (DE-627)105411868
|0 (DE-576)209921099
|a Medien
|2 gnd
|
| 650 |
0 |
7 |
|0 (DE-588)4130375-1
|0 (DE-627)105703079
|0 (DE-576)209618469
|a Gegenkultur
|2 gnd
|
| 650 |
0 |
7 |
|0 (DE-588)4365111-2
|0 (DE-627)181377896
|0 (DE-576)211672629
|a Autonome Gruppe
|2 gnd
|
| 650 |
0 |
7 |
|0 (DE-588)4128117-2
|0 (DE-627)105719714
|0 (DE-576)209599375
|a Alternativpresse
|2 gnd
|
| 650 |
|
4 |
|a Gegenöffentlichkeit
|
| 650 |
|
4 |
|a Medien
|
| 650 |
|
4 |
|a Radikal <Zeitschrift>
|
| 651 |
|
7 |
|0 (DE-588)4011889-7
|0 (DE-627)104732423
|0 (DE-576)208896201
|a Deutschland
|g Bundesrepublik
|2 gnd
|
| 653 |
|
0 |
|a a
|a Radikal
|a History
|
| 653 |
|
0 |
|a a
|a Press, Socialist
|a Germany
|a Berlin
|a History
|
| 689 |
0 |
0 |
|d u
|0 (DE-588)4512053-5
|0 (DE-627)248013114
|0 (DE-576)21319998X
|a Radikal
|g Zeitschrift, Zürich
|2 gnd
|
| 689 |
0 |
1 |
|a z
|2 gnd
|a Geschichte
|
| 689 |
0 |
|
|5 DE-101
|
| 689 |
1 |
0 |
|d g
|0 (DE-588)4011889-7
|0 (DE-627)104732423
|0 (DE-576)208896201
|a Deutschland
|g Bundesrepublik
|2 gnd
|
| 689 |
1 |
1 |
|d s
|0 (DE-588)4068597-4
|0 (DE-627)106105329
|0 (DE-576)209174250
|a Alternativbewegung
|2 gnd
|
| 689 |
1 |
2 |
|d s
|0 (DE-588)4169187-8
|0 (DE-627)105411868
|0 (DE-576)209921099
|a Medien
|2 gnd
|
| 689 |
1 |
3 |
|a z
|2 gnd
|a Geschichte
|
| 689 |
1 |
|
|5 (DE-627)
|
| 710 |
2 |
|
|a Libertäre Assoziation, Helfen Sich Selbst zu Helfen
|g Hamburg
|0 (DE-588)5175510-5
|0 (DE-627)211111635
|0 (DE-576)195744284
|4 oth
|
| 935 |
|
|
|a mkri
|
| 935 |
|
|
|i Blocktest
|
| 935 |
|
|
|h HEB
|i 0501
|
| 935 |
|
|
|h HEB
|i 0503
|
| 936 |
r |
v |
|a AP 26620
|b Politisch-historische Themen
|k Allgemeines
|k Medien- und Kommunikationswissenschaften, Medienkulturwissenschaft, Kommunikationsdesign
|k Zeitungswissenschaft
|k Zeitungsthemen und -inhalte
|k Politisch-historische Themen
|0 (DE-627)1271487918
|0 (DE-625)rvk/7193:
|0 (DE-576)201487918
|
| 936 |
r |
v |
|a MS 4760
|b Politische Bewegungen, Revolution, Außerparlamentarische Opposition (APO)
|k Soziologie
|k Spezielle Soziologien
|k Politische Soziologie
|k Politische Bewegungen, Revolution, Außerparlamentarische Opposition (APO)
|0 (DE-627)1271374587
|0 (DE-625)rvk/123715:
|0 (DE-576)201374587
|
| 936 |
r |
v |
|a AP 29700
|b Einzelne Zeitungen
|k Allgemeines
|k Medien- und Kommunikationswissenschaften, Medienkulturwissenschaft, Kommunikationsdesign
|k Zeitungswissenschaft
|k Einzelne Zeitungen
|0 (DE-627)1270687301
|0 (DE-625)rvk/7267:
|0 (DE-576)200687301
|
| 936 |
b |
k |
|a 05.33
|j Pressewesen
|0 (DE-627)10641514X
|
| 936 |
b |
k |
|a 89.62
|j Politische Bewegungen
|0 (DE-627)106417169
|
| 936 |
s |
n |
|a a300
|2 mzub
|
| 936 |
s |
n |
|a m200
|2 mzub
|
| 936 |
s |
n |
|a n100
|2 mzub
|
| 951 |
|
|
|a BO
|
| ELC |
|
|
|b 1
|
| LOK |
|
|
|0 000 xxxxxcx a22 zn 4500
|
| LOK |
|
|
|0 001 3117112898
|
| LOK |
|
|
|0 003 DE-627
|
| LOK |
|
|
|0 004 223071218
|
| LOK |
|
|
|0 005 19960430000000
|
| LOK |
|
|
|0 008 960430||||||||||||||||ger|||||||
|
| LOK |
|
|
|0 040
|a DE-Frei85
|c DE-627
|d DE-Frei85
|
| LOK |
|
|
|0 852
|a DE-Frei85
|
| LOK |
|
|
|0 852 1
|m p
|9 00
|
| LOK |
|
|
|0 938
|k p
|
| LOK |
|
|
|0 939
|a 30-04-96
|b l01
|
| ORI |
|
|
|a SA-MARC-krimdoka001.raw
|
| TIM |
|
|
|a 100019490523_100019901002
|b 1949-05-23 - 1990-10-02
|